A history of ironstone and coal mining on the land of Hirwaun Common near Aberdare, Mid Glamorgan 1757 to present day (Record no. 107365)
[ view plain ]
| 000 -LEADER | |
|---|---|
| fixed length control field | 01156cab a22002295a 4500 |
| 001 - CONTROL NUMBER | |
| control field | L139856 |
| 008 - FIXED-LENGTH DATA ELEMENTS--GENERAL INFORMATION | |
| fixed length control field | 070815e1987 xxkbdo f m 000 0 eng d |
| 035 ## - SYSTEM CONTROL NUMBER | |
| System control number | (Sirsi) u139856 |
| 041 0# - LANGUAGE CODE | |
| Language code of text/sound track or separate title | eng |
| 050 04 - LIBRARY OF CONGRESS CALL NUMBER | |
| Classification number | 622.8 $2 18 |
| 100 1# - MAIN ENTRY--PERSONAL NAME | |
| Personal name | Evans, M. D. |
| 245 02 - TITLE STATEMENT | |
| Title | A history of ironstone and coal mining on the land of Hirwaun Common near Aberdare, Mid Glamorgan 1757 to present day |
| 260 ## - PUBLICATION, DISTRIBUTION, ETC. | |
| Place of publication, distribution, etc. | [S.l.] |
| Name of publisher, distributor, etc. | [s.n.] |
| Date of publication, distribution, etc. | 1987 |
| 300 ## - PHYSICAL DESCRIPTION | |
| Extent | 1 |
| Type of unit | v. |
| Other physical details | ill. |
| Dimensions | 30cm. |
| 490 #0 - SERIES STATEMENT | |
| Series statement | RICS Minerals Surveying Test of Professional Competence |
| Volume/sequential designation | MS56 |
| 505 2# - FORMATTED CONTENTS NOTE | |
| Formatted contents note | Hirwaun Common -- Early mining and the ironmasters 1757-1860 -- Private enterprise on the Common 1860-1947 -- Nationalisation and opencast 1947 -- Conclusion, the future |
| 520 ## - SUMMARY, ETC. | |
| Summary, etc. | Indicates, in chronological order, the major influences and mining operations that have occured on Hirwaun Common since the eighteenth century. |
| 520 ## - SUMMARY, ETC. | |
| Summary, etc. | This unpbublished thesis cannot be photocopied. No information can be taken from it without the written permission of the author. |
| 651 #4 - SUBJECT ADDED ENTRY--GEOGRAPHIC NAME | |
| Geographic name | Hirwaun |
| 690 ## - LOCAL SUBJECT ADDED ENTRY--TOPICAL TERM (OCLC, RLIN) | |
| Topical term or geographic name as entry element | ENVIRONMENTAL AND LAND CONSULTANCY-MINERAL RESOURCE MANAGEMENT-MINERALS SURVEYING |
| 942 ## - ADDED ENTRY ELEMENTS (KOHA) | |
| Suppress in OPAC | 0 |
| Withdrawn status | Lost status | Source of classification or shelving scheme | Damaged status | Not for loan | Home library | Current library | Shelving location | Date acquired | Total Checkouts | Full call number | Barcode | Date last seen | Date last checked out | Copy number | Price effective from | Koha item type |
|---|---|---|---|---|---|---|---|---|---|---|---|---|---|---|---|---|
| Dewey Decimal Classification | Archives | Archives | RICS Boxes | 15/08/2007 | 1 | RICARC1987B (1987/83) | 30071088 | 22/11/2023 | 15/08/2007 | 1 | 06/08/2019 | Archive |